000
00236nam a2200097Ia 4500
008
120527s9999 xx 000 0 und d
100
_a
PEARSON, Anne
245
_a
Feeding draught cattle in semi-arid areas
260
_b
DFID
942
_c
BK
999
_c
25185
_d
25185